Sports Quiz

Random Sports or NBA Quiz
Score 0/240 Timer 20:00
13 Plays Today
Team % Correct
Atlanta HawksTrae Young
98.4%
Atlanta HawksTrae Young
98.4%
Boston CelticsJayson Tatum
95.4%
Boston CelticsMarcus Smart
93.4%
Brooklyn NetsKyrie Irving
93.1%
Brooklyn NetsKyrie Irving
93.1%
Brooklyn NetsKyrie Irving
93.1%
Boston CelticsJayson Tatum
91.7%
Chicago BullsZach Lavine
91.2%
Dallas MavericksLuka Doncic
90.7%
Dallas MavericksLuka Doncic
90.7%
Atlanta HawksJohn Collins
90.4%
Atlanta HawksJohn Collins
90.4%
Dallas MavericksKristaps Porzingis
90.1%
Los Angeles LakersLeBron James
89.6%
Denver NuggetsNikola Jokic
89.6%
Denver NuggetsNikola Jokic
89.6%
Houston RocketsJames Harden
89.6%
Houston RocketsJames Harden
89.6%
Houston RocketsJames Harden
89.6%
Los Angeles LakersAnthony Davis
89.4%
Los Angeles LakersAnthony Davis
89.4%
Los Angeles LakersAnthony Davis
89.4%
Los Angeles LakersAnthony Davis
89.4%
Los Angeles LakersAnthony Davis
89.4%
Denver NuggetsNikola Jokic
89.3%
Houston RocketsJames Harden
88.8%
Los Angeles ClippersLou Williams
88.4%
Detroit PistonsBruce Brown
88.3%
Boston CelticsRobert Williams
88.2%
Los Angeles ClippersKawhi Leonard
88.1%
Los Angeles ClippersKawhi Leonard
88.1%
Miami HeatJimmy Butler
86.8%
Miami HeatJimmy Butler
86.8%
Miami HeatJimmy Butler
86.8%
Denver NuggetsGary Harris
86.7%
Denver NuggetsJamal Murray
86.5%
Cleveland CavaliersCollin Sexton
86.3%
San Antonio SpursDejounte Murray
86.2%
Minnesota TimberwolvesKarl-Anthony Towns
86.2%
Minnesota TimberwolvesKarl-Anthony Towns
86.2%
Minnesota TimberwolvesKarl-Anthony Towns
86.2%
Los Angeles ClippersIvica Zubac
85.6%
Milwaukee BucksGiannis Antetokounmpo
85.5%
Milwaukee BucksGiannis Antetokounmpo
85.5%
Milwaukee BucksGiannis Antetokounmpo
85.5%
Golden State WarriorsDraymond Green
85.4%
Dallas MavericksKristaps Porzingis
85.4%
Golden State WarriorsDraymond Green
85.4%
Oklahoma City ThunderChris Paul
85.2%
Oklahoma City ThunderChris Paul
85.2%
Houston RocketsRobert Covington
84.6%
Memphis GrizzliesJa Morant
84.4%
Philadelphia 76ersJoel Embiid
84.3%
Philadelphia 76ersJoel Embiid
84.3%
Philadelphia 76ersJoel Embiid
84.3%
Brooklyn NetsSpencer Dinwiddie
84.3%
Brooklyn NetsJarrett Allen
84.3%
Philadelphia 76ersBen Simmons
84.1%
Philadelphia 76ersBen Simmons
84.1%
Philadelphia 76ersBen Simmons
84.1%
Houston RocketsRobert Covington
83.9%
Phoenix SunsDevin Booker
83.8%
Phoenix SunsDevin Booker
83.8%
Portland Trail BlazersDamian Lillard
83.8%
Portland Trail BlazersDamian Lillard
83.8%
Portland Trail BlazersDamian Lillard
83.8%
Brooklyn NetsDeAndre Jordan
83.7%
New Orleans PelicansBrandon Ingram
83.7%
Milwaukee BucksGiannis Antetokounmpo
83.6%
Cleveland CavaliersAndre Drummond
83.6%
Boston CelticsMarcus Smart
82.3%
Memphis GrizzliesJa Morant
81.9%
Charlotte HornetsTerry Rozier
81.8%
Miami HeatBam Adebayo
81.6%
Detroit PistonsDerrick Rose
81.6%
Washington WizardsBradley Beal
81.2%
Washington WizardsBradley Beal
81.2%
Charlotte HornetsDevonte Graham
80.7%
New Orleans PelicansLonzo Ball
80.4%
Team % Correct
Utah JazzDonovan Mitchell
80.4%
Utah JazzDonovan Mitchell
80.4%
Indiana PacersDomantas Sabonis
80.4%
Milwaukee BucksBrook Lopez
80.3%
Toronto RaptorsPascal Siakam
80.2%
Miami HeatDuncan Robinson
80%
Toronto RaptorsKyle Lowry
80%
Sacramento KingsDe'Aaron Fox
79.9%
Sacramento KingsDe'Aaron Fox
79.9%
Toronto RaptorsKyle Lowry
79.8%
Utah JazzRudy Gobert
79.7%
Utah JazzRudy Gobert
79.7%
Utah JazzRudy Gobert
79.7%
Charlotte HornetsDevonte Graham
79.5%
San Antonio SpursDeMar DeRozan
79.5%
San Antonio SpursDeMar DeRozan
79.5%
Memphis GrizzliesGrayson Allen
79.4%
Detroit PistonsDerrick Rose
79.3%
Cleveland CavaliersAndre Drummond
79.3%
Oklahoma City ThunderSteven Adams
79.2%
Milwaukee BucksKhris Middleton
79%
Miami HeatBam Adebayo
78.9%
Miami HeatBam Adebayo
78.9%
Brooklyn NetsDeAndre Jordan
78.8%
Orlando MagicNikola Vucevic
78.5%
Charlotte HornetsDevonte Graham
78.2%
Memphis GrizzliesJaren Jackson
78.1%
Minnesota TimberwolvesD'Angelo Russell
78%
Indiana PacersT.J. Warren
77%
Chicago BullsWendell Carter
76.9%
Boston CelticsEnes Kanter
76.8%
Toronto RaptorsPascal Siakam
76.5%
Dallas MavericksSeth Curry
76.4%
San Antonio SpursLaMarcus Aldridge
76.3%
San Antonio SpursLaMarcus Aldridge
76.3%
Sacramento KingsDe'Aaron Fox
76.2%
San Antonio SpursLonnie Walker
76.1%
Indiana PacersMyles Turner
76.1%
Atlanta HawksJohn Collins
75.7%
Memphis GrizzliesGrayson Allen
75.1%
Portland Trail BlazersHassan Whiteside
74.6%
Portland Trail BlazersHassan Whiteside
74.6%
Portland Trail BlazersHassan Whiteside
74.6%
Orlando MagicNikola Vucevic
74.3%
New Orleans PelicansJrue Holiday
74.1%
Los Angeles ClippersMontrezl Harrell
73.5%
New York KnicksMitchell Robinson
73.2%
New York KnicksMitchell Robinson
73.2%
Indiana PacersMalcolm Brogdon
72.5%
Indiana PacersMalcolm Brogdon
72.5%
Los Angeles LakersDwight Howard
72.2%
Phoenix SunsDeAndre Ayton
71.9%
Phoenix SunsRicky Rubio
71.4%
New York KnicksJulius Randle
71.3%
Cleveland CavaliersDarius Garland
70.5%
Boston CelticsDaniel Theis
70.5%
New York KnicksJulius Randle
70%
Golden State WarriorsMarquese Chriss
69.7%
Los Angeles ClippersPaul George
69.7%
Toronto RaptorsSerge Ibaka
69.3%
Oklahoma City ThunderShai Gilgeous-Alexander
69.2%
Phoenix SunsDeAndre Ayton
68.8%
Charlotte HornetsCody Zeller
67.6%
Indiana PacersDomantas Sabonis
66.7%
Memphis GrizzliesJonas Valanciunas
65.3%
Washington WizardsBradley Beal
64.8%
Dallas MavericksTrey Burke
64%
Los Angeles ClippersIvica Zubac
63.7%
New Orleans PelicansJ.J. Redick
63.3%
New Orleans PelicansJ.J. Redick
63.3%
Chicago BullsKris Dunn
61.2%
Orlando MagicEvan Fournier
61.1%
Charlotte HornetsTerry Rozier
61%
Utah JazzBojan Bogdanovic
60.8%
Oklahoma City ThunderDanilo Gallinari
60.8%
Cleveland CavaliersAndre Drummond
60.7%
Phoenix SunsJevon Carter
60.6%
Detroit PistonsChristian Wood
60.3%
Detroit PistonsChristian Wood
60.3%
Golden State WarriorsAndrew Wiggins
59.8%
Team % Correct
Toronto RaptorsFred VanVleet
59.8%
New Orleans PelicansDerrick Favors
59.4%
Miami HeatDuncan Robinson
58.8%
Atlanta HawksJeff Teague
58.1%
Denver NuggetsPaul Millsap
57.9%
New Orleans PelicansDerrick Favors
57%
Los Angeles ClippersKawhi Leonard
56.3%
Minnesota TimberwolvesMalik Beasley
56.2%
Brooklyn NetsJoe Harris
56.1%
Dallas MavericksDwight Powell
56%
Toronto RaptorsSerge Ibaka
55.9%
Orlando MagicMarkelle Fultz
55.6%
Utah JazzJoe Ingles
55.1%
Cleveland CavaliersCedi Osman
54.6%
Washington WizardsThomas Bryant
52.2%
Houston RocketsTyson Chandler
51.7%
Orlando MagicJonathan Isaac
51%
Orlando MagicJonathan Isaac
51%
Golden State WarriorsAndrew Wiggins
50.8%
Chicago BullsTomas Satoransky
50.5%
Chicago BullsTomas Satoransky
50.5%
Los Angeles LakersKentavious Caldwell-Pope
49.4%
Oklahoma City ThunderDanilo Gallinari
49.2%
New Orleans PelicansJaxson Hayes
48.8%
Denver NuggetsMason Plumlee
48%
Phoenix SunsMikal Bridges
47.3%
Milwaukee BucksGeorge Hill
46.8%
Denver NuggetsJerami Grant
46.5%
Minnesota TimberwolvesD'Angelo Russell
46.4%
Charlotte HornetsBismack Biyombo
46.2%
Orlando MagicD.J. Augustin
45.7%
Golden State WarriorsOmari Spellman
44.9%
Indiana PacersT.J. Warren
43.8%
New York KnicksElfrid Payton
42.8%
New York KnicksElfrid Payton
42.8%
Cleveland CavaliersDarius Garland
42.6%
Golden State WarriorsMarquese Chriss
41.9%
Washington WizardsThomas Bryant
41.8%
Houston RocketsBen McLemore
40%
Detroit PistonsLuke Kennard
39.8%
Minnesota TimberwolvesD'Angelo Russell
39.6%
Washington WizardsDavis Bertans
38.2%
Atlanta HawksJabari Parker
37.7%
Detroit PistonsChristian Wood
36.8%
Toronto RaptorsMatt Thomas
36.7%
Portland Trail BlazersTrevor Ariza
36.4%
Oklahoma City ThunderNerlens Noel
36.2%
Oklahoma City ThunderNerlens Noel
36.2%
Philadelphia 76ersRaul Neto
36%
Washington WizardsDavis Bertans
35.9%
Charlotte HornetsBismack Biyombo
35.5%
Sacramento KingsRichaun Holmes
35.4%
Sacramento KingsRichaun Holmes
35.4%
Sacramento KingsRichaun Holmes
35.4%
Boston CelticsBrad Wanamaker
34.4%
Utah JazzBojan Bogdanovic
32.6%
New York KnicksFrank Ntilikina
32.4%
Atlanta HawksDamian Jones
32.1%
Milwaukee BucksDonte DiVincenzo
29.6%
Portland Trail BlazersGary Trent
29.6%
New York KnicksDamyean Dotson
29%
Minnesota TimberwolvesKarl-Anthony Towns
28.8%
Memphis GrizzliesBrandon Clarke
28.1%
Dallas MavericksDelon Wright
27.1%
Golden State WarriorsAlec Burks
26.7%
Chicago BullsDaniel Gafford
25.6%
Chicago BullsDaniel Gafford
25.6%
San Antonio SpursJakob Poeltl
24.7%
Sacramento KingsNemanja Bjelica
24.6%
Indiana PacersDoug McDermott
24.3%
Cleveland CavaliersAnte Zizic
23.9%
Washington WizardsIan Mahinmi
21.4%
San Antonio SpursRudy Gay
21.2%
Philadelphia 76ersShake Milton
19%
Chicago BullsRyan Arcidiacono
17.2%
Detroit PistonsSviatoslav Mykhailiuk
14.8%
Sacramento KingsCory Joseph
13.4%
Memphis GrizzliesDe'Anthony Melton
12.7%
Orlando MagicKhem Birch
11.9%
Phoenix SunsCheick Diallo
11.9%
Remove Ads.
Support Sporcle.
Get the best of Sporcle when you Go Orange. This ad-free experience offers more features, more stats, and more fun while also helping to support Sporcle. Thank you for becoming a member.

You're not logged in!

Compare scores with friends on all Sporcle quizzes.
OR
Log In

Show Comments

Extras

Top Quizzes Today


Score Distribution

Your Account Isn't Verified!

In order to create a playlist on Sporcle, you need to verify the email address you used during registration. Go to your Sporcle Settings to finish the process.

Report this User

Report this user for behavior that violates our Community Guidelines.

Details: